| 000 | 00419nam a22001577a 4500 | ||
|---|---|---|---|
| 003 | NUST - PNEC | ||
| 005 | 20170116181122.0 | ||
| 008 | 151005b xxu||||| |||| 00| 0 eng d | ||
| 040 | _cLIBRARY | ||
| 082 | _a940.18 RUN | ||
| 100 |
_913532 _aRunciman, Steven |
||
| 245 |
_aA history of the Crusades Vol II _cSteven Runciman |
||
| 260 | _cc1952 | ||
| 650 |
_913533 _aMiddle East--Jerusalem _xGeneral |
||
| 942 |
_2ddc _cBK |
||
| 999 |
_c69590 _d69590 |
||